Online
Catalog

Desarrollo comunitario y cambio social / (Record no. 1542)

MARC details
000 -CABECERA
campo de control de longitud fija 00844cam a22002537a 4500
001 - NÚMERO DE CONTROL
campo de control 000001657
005 - FECHA Y HORA DE LA ÚLTIMA TRANSACCIÓN
campo de control 20240513201349.0
008 - DATOS DE LONGITUD FIJA--INFORMACIÓN GENERAL
campo de control de longitud fija 820312s1969 ag ad 001 0 spa
040 ## - FUENTE DE LA CATALOGACIÓN
Centro catalogador/agencia de origen DO-SdBNP
Lengua de catalogación spa
Centro/agencia transcriptor BNPHU
082 ## - NÚMERO DE LA CLASIFICACIÓN DECIMAL DEWEY
Número de clasificación 307.14
Número de documento/Ítem D441
245 00 - MENCIÓN DE TÍTULO
Título Desarrollo comunitario y cambio social /
Mención de responsabilidad, etc. Hugo Calello... [et al.].
260 ## - PUBLICACIÓN, DISTRIBUCIÓN, ETC.
Lugar de publicación, distribución, etc. Buenos Aires :
Nombre del editor, distribuidor, etc. Instituto de Investigaciones Económicas y Sociales,
Fecha de publicación, distribución, etc. 1969.
300 ## - DESCRIPCIÓN FÍSICA
Extensión 253 p. :
Otras características físicas il., tablas ;
Dimensiones 22 cm.
490 1# - MENCIÓN DE SERIE
Mención de serie Esquema
650 #0 - PUNTO DE ACCESO ADICIONAL DE MATERIA--TÉRMINO DE MATERIA
Término de materia o nombre geográfico como elemento de entrada Desarrollo de la comunidad
9 (RLIN) 453
650 #0 - PUNTO DE ACCESO ADICIONAL DE MATERIA--TÉRMINO DE MATERIA
Término de materia o nombre geográfico como elemento de entrada Cambio social
9 (RLIN) 1661
700 1# - PUNTO DE ACCESO ADICIONAL--NOMBRE DE PERSONA
Nombre de persona Calello, Hugo
Término indicativo de función/relación ed.
9 (RLIN) 5395
700 1# - PUNTO DE ACCESO ADICIONAL--NOMBRE DE PERSONA
Nombre de persona Rissech, Elvira
Término indicativo de función/relación ed.
9 (RLIN) 5396
700 1# - PUNTO DE ACCESO ADICIONAL--NOMBRE DE PERSONA
Nombre de persona Slutzky, Daniel
Término indicativo de función/relación ed.
9 (RLIN) 5397
700 1# - PUNTO DE ACCESO ADICIONAL--NOMBRE DE PERSONA
Nombre de persona Colabell, Santos
Término indicativo de función/relación ed.
9 (RLIN) 5398
700 1# - PUNTO DE ACCESO ADICIONAL--NOMBRE DE PERSONA
Nombre de persona Meister, Albert
Término indicativo de función/relación ed.
9 (RLIN) 5399
700 1# - PUNTO DE ACCESO ADICIONAL--NOMBRE DE PERSONA
Nombre de persona Jelin, Eliso Beth
Término indicativo de función/relación ed.
9 (RLIN) 5400
830 #0 - PUNTO DE ACCESO ADICIONAL DE SERIE-TÍTULO UNIFORME
Título uniforme Esquema
9 (RLIN) 5401
Holdings
Estado de retiro Estado de pérdida Restricciones de uso No para préstamo Código de colección Localización permanente Ubicación/localización actual Ubicación en estantería Fecha de adquisición Número de inventario Total de préstamos Signatura topográfica completa Código de barras Fecha visto por última vez Precio válido a partir de Tipo de ítem Koha
    Préstamo interno   Monografías: Libros y Folletos General General En catalogación 19.09.2009 LF1   307.14 D441 1657-10 25.06.2020 25.06.2020 Préstamo interno

Powered by Koha